| 000 | 00599nam a22001937a 4500 | ||
|---|---|---|---|
| 003 | OSt | ||
| 005 | 20241017103304.0 | ||
| 008 | 241017b |||||||| |||| 00| 0 eng d | ||
| 020 | _a9781482261769 | ||
| 040 |
_aMUST _cDDC |
||
| 082 | _a621.381 HEM 2015 | ||
| 100 |
_aHemami Ahmad _919270 |
||
| 245 |
_aElectricity And Electronics For Renewable Energy Technology: _bAn Introduction/ _cHemami Ahmad. |
||
| 260 |
_aNew York: _bCRC Taylor & Francis Group. _c2015. |
||
| 300 |
_axxi,779p.: _bcol. ill.,maps; _c25cm. |
||
| 504 | _aIncludes Appendixes | ||
| 650 |
_aEngineering _9373 |
||
| 942 |
_2ddc _cO_SHELF |
||
| 999 |
_c9447 _d9447 |
||